Informe del SITIAMASH
Guardado en:
| Institution som forfatter: | |
|---|---|
| Format: | Texto |
| Udgivet: |
San José:
CEDAL
|
| Tags: |
Tilføj Tag
Ingen Tags, Vær først til at tagge denne postø!
|
MARC
| LEADER | 00000 a a2200000 04500 | ||
|---|---|---|---|
| 001 | 18702 | ||
| 003 | |||
| 040 | |||
| 090 | |a 010200 | ||
| 110 | |a Sindicato de Trabajadores de la Industria del Azúcar, Mieles, Alcoholes y Similares de Honduras | ||
| 245 | |a Informe del SITIAMASH | ||
| 260 | |a San José: |b CEDAL | ||
| 300 | |a 4 p. | ||
| 999 | |c 9612 |d 9612 | ||
